00917nam a2200205 a 450000100100000000500170001000800410002704000250006808200160009311000800010924500620018926000430025130000430029450000760033758600380041304900090045195201140046095201200057499900170069400003107720200930062705.0110613s2006 dr ac 000 0 spa d aDO-SdBNPbspacBNPHU axxxxbR426s1 aRepública Dominicana.bOficina Nacional de la Propiedad Industrial95755510aSumario de una gestión :bagosto 2004 - diciembre 2006. aSanto Domingo :bCentenario,c[2006?]. a105 p. :bgraf., il., retrs. ;c28 cm. aConstruyendo una cultura de aprovechamiento de la propiedad industrial. aPremio Nacional a la Calidad 2006 aBNPD 0010718PDaPDbPDcHDd2011-06-13iLF1l0oxxxx R426sp31077-10r2020-06-25w2020-06-25yLFPDZNo se presta 0010718PDaPDbPDcHDd2013-05-16iLF1l0oxxxx R426sp31077-20r2020-06-25te. 2w2020-06-25yLFPDZNo se presta c30569d30569